000
00277nam a22001217a 4500
008
180925b xxu||||| |||| 00| 0 eng d
041
_a
eng
080
_a
316
100
_a
51
101
_a
SOC
245
_a
Poverty In The Affluent Society
_c
Meissner.H/H
942
_2
udc
_c
BK
999
_c
48431
_d
48431